| 000 | 00794nam 22002413 4500 | ||
|---|---|---|---|
| 001 | 200103 | ||
| 090 | _a200103 | ||
| 100 | _a20260122d u||y0pory50 ba | ||
| 101 | _apor | ||
| 102 | _aPT | ||
| 200 |
_aCéu Aberto _fVirgínia de Castro e Almeida _gIlustração de A. Duarte de Almeida |
||
| 205 | _a11ª | ||
| 210 |
_aLisboa _cLivraria Clássica Editora _d1977 (imp.) |
||
| 215 |
_a322, [4] p. : il. _cEncadernado _d19 cm |
||
| 225 |
_aOs Melhores Livros Juvenis _v3 |
||
| 300 | _aAventura juvenil | ||
| 606 |
_951 _aLiteratura Juvenil Portuguesa |
||
| 675 |
_a821.134.3-311.3-93/ALM/CEU _vPT _zpor |
||
| 700 |
_92401 _aAlmeida _bVirgínia de Castro e _f1878-1945 |
||
| 702 |
_915914 _aAlmeida _bA. Duarte de |
||
| 801 |
_aPT _bBMMN _gRPC |
||
| 830 |
_cCarlos Pinto _d22-01-2026 _fCarlos Pinto |
||
| 990 | _cLIVROS | ||